Antennas and Wave Propagation (Record no. 179453)

MARC details
000 -LEADER
fixed length control field 00463nam a2200193Ia 4500
008 - FIXED-LENGTH DATA ELEMENTS--GENERAL INFORMATION
fixed length control field 240823s9999||||xx |||||||||||||| ||und||
020 ## - INTERNATIONAL STANDARD BOOK NUMBER
International Standard Book Number 978 81 8371 100 5
082 ## - DEWEY DECIMAL CLASSIFICATION NUMBER
-- 621.38835 P8
100 ## - MAIN ENTRY--PERSONAL NAME
Personal name Soundara Rajan V
245 #0 - TITLE STATEMENT
Title Antennas and Wave Propagation
250 ## - EDITION STATEMENT
Edition statement 2nd
260 ## - PUBLICATION, DISTRIBUTION, ETC. (IMPRINT)
Date of publication, distribution, etc 2008
Name of publisher, distributor, etc "Scitech,Ch"
500 ## - GENERAL NOTE
General note TRANSFERED
650 ## - SUBJECT ADDED ENTRY--TOPICAL TERM
Topical term or geographic name as entry element Antenna
942 ## - ADDED ENTRY ELEMENTS (KOHA)
Item type Books
Holdings
Withdrawn status Lost status Damaged status Permanent location Current location Shelving location Date acquired Source of acquisition Cost, normal purchase price Full call number Barcode Date last seen Koha item type
      CENTRAL LIBRARY, NOORUL ISLAM CENTRE FOR HIGHER EDUCATION CENTRAL LIBRARY, NOORUL ISLAM CENTRE FOR HIGHER EDUCATION   03/08/2008 Higginbothams Private Ltd 250.00 621.38835 P8 32774 08/23/2024 Books
Visitors:
Copyright © 2024 Central Library NICHE.  All rights reserved.